000 00319nam a22001337a 4500
008 171023b xxu||||| |||| 00| 0 eng d
020 _a9781118504390
041 _aeng
080 _a338
100 _a54
101 _aMO
245 _aBUSINESS STATISTICS FOR CONTEMPORARY DECISION MAKING
_cBLACK, K
942 _2udc
_cBK
999 _c35532
_d35532